000 00775nam a2200217 i 4500
001 96274
003 ES-MaACL
005 20230906181859.0
007 t|
008 050615s1977 sp |||| |bspa d
100 1 _aMagariño, Arturo.
_975450
245 1 0 _aGarcía Lorca /
_c[texto biográfico, Arturo Magariño ; textos complementarios y documentación, Manuel Baldomero, Raúl García Aguilera, Gloria Martínez].
260 _aMadrid :
_bHernando,
_c1977.
300 _a161 p., 7 h. :
_bil. ;
_c23 cm.
600 1 4 _aGarcía Lorca, Federico,
_d1898-1936-
_xBiografías
_954854
700 1 _aBaldomero, Manuel.
_924895
700 1 _aGarcía Aguilera, Raúl.
_954118
700 1 _aMartínez, Gloria.
_977746
852 _aES-MaACL
_jA-7099
999 _c96274
_d96274